000 01613nam a2200481 i 4500
001 37090
003 KOSZ 005
005 20240405063117.0
008 000308s1999 pl |000 0 pol
015 _aPB 2000/5697
020 _a8388114565
040 _aWA N
_cWA N
_dKOSZ 005/HR
041 0 _apol
046 _k1999
080 _a321.7
080 _a329
080 _a(03)
245 0 0 _aPartie i systemy partyjne /
_cpod red. Andrzeja Antoszewskiego i Ryszarda Herbuta.
260 _aKraków :
_b"Zakamycze",
_c1999.
300 _a354, [1] s. ;
_c24 cm.
336 _2rdacontent
_aTekst
_btxt
337 _2rdamedia
_aBez urządzenia pośredniczącego
_bn
338 _2rdacarrier
_aWolumin
_bnc
380 _aKsiążki
388 _a1901-2000
388 _a1989-2000
490 1 _aEncyklopedia politologii / pod red. Marka Żmigrodzkiego ;
_vt. 3.
504 _aBibliogr. przy hasłach.
648 _a1901-2000
648 _a1945-1989
648 _a1989-2000
650 4 _aPartie polityczne
650 4 _aPolitologia
655 4 _aEncyklopedia
658 _aPolityka, politologia, administracja publiczna
700 1 _aHerbut, Ryszard
_d(1951- )
_eRedakcja
700 1 _aŻmigrodzki, Marek
_d(1946- )
_eRedakcja
700 1 _aAntoszewski, Andrzej
_d(1949- )
_eRedakcja
710 2 _aKantor Wydawniczy Zakamycze
_4pbl.
830 0 _aEncyklopedia politologii
_vt. 3
856 _uhttp://koha.tu.koszalin.pl/cgi-bin/koha/opac-detail.pl?biblionumber=37090
_yKatalog online BPK
942 _2UKD
_cKS
999 _c37090
_d37090